Statistiken für Autobahnausfahrten A1/A6 (Luxemburg)

Klicken Sie hier um das Quiz zu spielen!

Allgemein

  • Dieses Quiz wurde 19 mal gespielt
  • Das Durchschnittsergebnis liegt bei 9 aus 18

Antwortstatistiken

KantonAntwort% Korrekt
Grenzübergang BelgienArlon
100%
Grenzübergang DeutschlandLangsur
100%
LuxemburgLuxemburg-Kirchberg
79%
LuxemburgLuxemburg-Hamm
71%
CapellenMamer
64%
LuxemburgStrassen
64%
LuxemburgHelfent
50%
CapellenSteinfort
50%
GrevenmacherWasserbillig
50%
LuxemburgBridel
43%
GrevenmacherFlaxweiler
36%
LuxemburgMunsbach
36%
LuxemburgSenningerberg
36%
Arlonh
29%
Langsurh
29%
GrevenmacherMertert
29%
GrevenmacherPotaschberg
29%
LuxemburgCargo-Center
21%

Verteilung der Resultate

Perzentil nach korrekt beantworteten Fragen

Anzahl Personen mit jedem Resultat

Ihre Resultats-Entwicklung

Sie haben dieses Quiz noch nicht gespielt